| 000 | 00719nam a2200229Ia 4500 | ||
|---|---|---|---|
| 008 | 160319s9999 xx 000 0 und d | ||
| 020 | _a971-08-6359-2 | ||
| 050 | _aFIL KPM 40 | ||
| 050 | _b.C58 2003 | ||
| 245 | 4 | _aThe Civil code of the Philippines : | |
| 245 | _b(republic act no. 386 as amended : with family code and related laws / | ||
| 245 | _ccompiled and edited by Jose N. Nolledo ; updated by Mercedita S. Nolledo. | ||
| 250 | _aRevised Edition | ||
| 260 | _aMandaluyong: | ||
| 260 | _bNational Book Store, | ||
| 260 | _c2003 | ||
| 300 | _a1104 pages : | ||
| 300 | _billustrations ; | ||
| 300 | _c18 cm. | ||
| 650 | _aCivil law -- Philippines. | ||
| 650 | _xDomestic relations -- Philippines. | ||
| 999 |
_c291541 _d291541 |
||